Najbardziej zaludnione miasta województwa Kujawsko Pomorskiego - Statystyki

Ogólne statystyki
  • Ten quiz został rozwiązany 11 razy
  • Średni wynik to 8 z 10
Statystyki odpowiedzi
Hint Odpowiedź % Poprawnych
339 053 pop. Bydgoszcz
100%
92 552 pop. Grudziądz
90%
196 935 pop. Toruń
90%
70 713 pop. Inowrocław
80%
106 928 pop. Włocławek
80%
17 809 pop. Nakło nad Notecią
70%
15 820 pop. Rypin
70%
28 536 pop. Brodnica
60%
18 915 pop. Chełmno
60%
25 236 pop. Świecie
60%
Nie znaleziono quizów pasujących do podanych kryteriów
Rozkład punktacji
Procent ludzi z każdym wynikiem
Percentyl według liczby udzielonych odpowiedzi
Twoja historia wyników
Nie rozwiązałeś tego quizu